000 00933nam0a2200277 4500
001 RU\NLR\ONL1\9675
005 20250613120329.0
035 _a(NLR Aleph) 009638423
090 _a9535449
_c9535449
100 _a20060919d1931 |||y0rusy50 ca
101 0 _audm
102 _aRU
105 _ay |||||||||
200 1 _aКызьы шуншепез быдтоно
_e[Высись тысьлы социализмо хозяйствоин инты öзöл
_fПер. Каюкина]
210 _aИжкар
_cУдкнига
_d1931
215 _a24 с.
_d18
541 1 _aКак бороться с головней
_zrus
606 0 _aГоловня
_xБорьба с ней
_91478945
_3RU\NLR\auth\66320259
686 1 _aП478
700 1 _aНикитина
_bТ. Ф.
_4070
801 0 _aRU
_bNLR
_c20060919
_gPSBO
852 _aNLR
_bОНЛ
_jУдмур./2-249
942 _cBOOK
980 _aNB